<?xml version="1.0" encoding="UTF-8"?>
<collection xmlns="http://www.loc.gov/MARC21/slim">
 <record>
  <leader>00863cam a2200241 7i4500</leader>
  <controlfield tag="001">0000011233</controlfield>
  <controlfield tag="005">20150325090000.0</controlfield>
  <controlfield tag="003">  iicp-my</controlfield>
  <controlfield tag="005">  20060303164500.0</controlfield>
  <controlfield tag="008">040720                       000 0 eng d</controlfield>
  <datafield tag="020" ind1=" " ind2=" ">
   <subfield code="a">9832473160 </subfield>
  </datafield>
  <datafield tag="039" ind1=" " ind2="9">
   <subfield code="a">200603031645</subfield>
   <subfield code="b">muna</subfield>
   <subfield code="c">200602201511</subfield>
   <subfield code="d">Yusnizam</subfield>
   <subfield code="c">200407201556</subfield>
   <subfield code="d">Yusnizam</subfield>
   <subfield code="c">200407201556</subfield>
   <subfield code="d">Yusnizam</subfield>
   <subfield code="y">200407201525</subfield>
   <subfield code="z">Yusnizam</subfield>
  </datafield>
  <datafield tag="090" ind1="0" ind2="0">
   <subfield code="a">959.5 </subfield>
   <subfield code="b">PEN</subfield>
  </datafield>
  <datafield tag="245" ind1="0" ind2="0">
   <subfield code="a">Pengajian Malaysia : </subfield>
   <subfield code="b">kenegaraan dan kewarganegaraan  </subfield>
   <subfield code="c">by Nazaruddin Hj Mohd Jali...[et al.]..</subfield>
  </datafield>
  <datafield tag="250" ind1=" " ind2=" ">
   <subfield code="a">2nd ed..</subfield>
  </datafield>
  <datafield tag="260" ind1=" " ind2=" ">
   <subfield code="a">Petaling Jaya: </subfield>
   <subfield code="b">Prentice Hall, </subfield>
   <subfield code="c">2001.</subfield>
  </datafield>
  <datafield tag="300" ind1=" " ind2=" ">
   <subfield code="a">p.;; </subfield>
   <subfield code="c">cm..</subfield>
  </datafield>
  <datafield tag="500" ind1=" " ind2=" ">
   <subfield code="a">SOLLA - LAN.</subfield>
  </datafield>
  <datafield tag="650" ind1=" " ind2="0">
   <subfield code="a">Malaysia -- </subfield>
   <subfield code="x">Politics and goverment. </subfield>
  </datafield>
  <datafield tag="650" ind1=" " ind2="0">
   <subfield code="a">Malaysia -- </subfield>
   <subfield code="x">History. </subfield>
  </datafield>
  <datafield tag="650" ind1=" " ind2="0">
   <subfield code="a">Malaysia -- </subfield>
   <subfield code="x">Politics and government. </subfield>
  </datafield>
  <datafield tag="700" ind1=" " ind2=" ">
   <subfield code="a">Nazaruddin Hj. Mohd. Jali. </subfield>
  </datafield>
  <datafield tag="999" ind1=" " ind2=" ">
   <subfield code="a">1000018940</subfield>
   <subfield code="b">Book</subfield>
   <subfield code="c">Yellow Spot</subfield>
  </datafield>
 </record>
</collection>
